000 01982nam0a2200385 4500
001 RU\NLR\BIBL_A\012471333
005 20210324131242.0
010 _a978-5-6042630-9-9
_91000
021 _aRU
_bКН-П-20-065666
_9КН-П-20-4935
035 _a(NLR Aleph) 012471333
035 _a(RuMoRGB)010455154
090 _a12081365
_c12081365
100 _a20210311d2019 u y0rusy50 ca
101 0 _arus
102 _aRU
105 _aacbhzzzz0||zy
181 0 _ai
_baxxe
182 0 _an
200 1 _aЛенинградская военно-морская база
_fИ. А. Лещенко
203 _aТекст
_bвизуальный
_cнепосредственный
210 _aСанкт-Петербург
_cДитон
_d2019
215 _a255 с., [2] л. цв. карт.
_cил., цв. ил., портр., карт., факс.
_d32
300 _aНа обл. авт. не указан
300 _aВ вып. дан.: Авт. проекта: И. Лещенко. Авт. коллектив: капитаны 1-го ранга Р. Мясищев, А. Лысенко, Г. Чернецкий [и др.]
300 _aНа тит. л.: Посвящается 100-летию Петроградской морской базы - Ленинградской военно-морской базы, 295-летию со дня Указа Петра Великого о назначении первого Главного командира Кронштадтского порта
601 0 2 _aЛенинградская военно-морская база
_xИстория
_92244318
_3RU\NLR\AUTH\661346519
686 1 _aЦ661.5г(2)я6
700 1 _aЛещенко
_bИ. А.
_gИрина Александровна
712 0 2 _4570
_aЛенинградская военно-морская база
_9351337
_3RU\NLR\AUTH\889927859
942 _cBOOK
980 _aNBR
980 _aNB